000 01221cam a22003613a 4500
001 0000761
003 DO-SdBPM
005 20260521113707.0
007 ta
008 8611122004 sp a 000 0 spa d
010 _a
020 _a8420401536
040 _aDO-SdBPM
_cspa
_dBPMSU
_d
_erda
082 4 _a896.3
_bF347h 2003
_222
100 1 _aFerdjoukh, Malika
_d1957-
_eautor
245 1 0 _aHortensia y el teatro de la vida /
_cMalika Ferdjoukh ; ilustraciones Elena Odriozola
260 _c
264 _aMadrid, España :
_bSantillana ediciones generales,
_c2004
300 _a231 páginas :
_bilustraciones,
_c20 cm.
336 _atexto
_btxt
_2rdacontent
337 _asin mediación
_bn
_2rdamedia
338 _avolumen
_bnc
_2rdacarrier
490 0 _aPróxima parada Alfaguara;
_aCuatro hermanas
500 _aIncluye datos biográficos de la autora.
500 _aLiteratura para niños a partir de los 12 años.
521 _aPara niños a partir de 12 años.
590 _aInventariado, 2025/VM
650 7 _aNovela juvenil argentina
650 7 _aHermanas
_vnovela juvenil
700 1 _aOdriozola, Elena
_eilustraciones
910 _aVMateo V. Control de calidad. BPMSU
942 _2ddc
_cBK
999 _c11716
_d11716